000 00534nam a2200205Ia 4500
005 20250210014955.0
008 240331s9999 xx 000 0 und d
020 _a0875894186
082 _bBEE
_2368
_a305.401
100 _aBeere, C
245 0 _aWomen and Women's Issues:
_bA Handbook of Texts and Measures
260 _aCalifornia;
_aLondon
_bJossey-Bass Publishers
_c1979
300 _axvi, 550 p.,
650 _aWomen
650 _aSex Roles
650 _aStereotypes
650 _aGender
650 _aChildren
942 _cL
999 _c2652
_d2652